000 00440pab a2200169 454500
008 180718b2007 xxu||||| |||| 00| 0 eng d
100 _aDang, Satyapal
245 _aShould Buddhadeb remain the Chief Minister of West Bengal?
260 _c2007
300 _ap.3-4.
362 _a6 Apr
650 _aWest Bengal - Politics and government
650 _aPolitics and government
773 _aMainstream
908 _aN
909 _a73708
999 _c73708
_d73708